000 00498nam a2200169 i 4500
001 70641
003 ES-MaACL
005 20230906170857.0
007 t|
008 040729s1966 sp ||||1| spa d
100 1 _aGardner, Martin.
_955513
245 1 0 _aIzquierda y derecha del cosmos /
_cMartin Gardner ; [traductor, Fernando GarcĂ­a Vela].
260 _aMadrid :
_bAlianza,
_c[1966]
300 _a310 p. ;
_c18 cm.
700 1 _aVela, Fernando.
_9113674
852 _aES-MaACL
_jC-30559
_bR.70026
999 _c70641
_d70641